| 000 | 00961nac a22002531u 4500 | ||
|---|---|---|---|
| 010 | _a 79090641 | ||
| 020 | _a0874887313 | ||
| 082 | 0 | 0 |
_a616.97 _bW4361 |
| 090 |
_c3563 _d3563 |
||
| 100 | _aWeiss, Nathan S. | ||
| 245 | 1 | 0 |
_aPractical points in allergy / _cNathan S. Weiss, James M. Rubin ; with the assistance of Jeanmarie Napolitano. |
| 250 | _a2d ed. | ||
| 260 |
_aGarden City, N.Y. : _bMedical Examination Pub. Co., _c1980. |
||
| 300 |
_a[8], 214 p. : _bill. ; _c22 cm. |
||
| 500 | _aIn earlier ed. published in 1974, Rubin's name appeared first on t.p. | ||
| 500 | _aIncludes index. | ||
| 500 | _aDonations. | ||
| 500 | _aDonations - Bibliotheca Alexandrina. | ||
| 504 | _aBibliography: 5th prelim. page. | ||
| 650 | 0 | _aAllergy. | |
| 700 | 1 |
_aRubin, James M., _d1935- |
|
| 942 |
_cBB _k616.97W4361 |
||
| 999 |
_c3563 _d3563 |
||